000 01474cam a22003491i 4500
003 SA-RiAUC
005 20250326123830.0
008 250321s2001 su g b f001 0 ara c
020 _a9960002225
020 _z5222009960
040 _aSA-RiAUC
_bara
_cSA-RiAUC
_erda
043 _ama-----
082 0 4 _a094
_qSA-RiAUC
090 _a094
_bص و ي
100 1 _aالصوينع، علي سليمان علي،
_d1370 هجري-
_eمؤلف.
245 1 2 _aالكتب العربية النادرة :
_bدراسة في المفهوم والشكل /
_cعلي سليمان علي الصوينع.
250 _aالطبعة الأولى.
264 1 _aالرياض :
_bمكتبة الملك فهد الوطنية،
_c2001
300 _a216 صفحة ؛
_c24 سم.
336 _aنص
_btxt
_2rdacontent
_3كتاب
337 _aبدون وسيط
_bn
_2rdamedia
338 _aمجلد
_bnc
_2rdacarrier
490 1 _aمطبوعات مكتبة الملك فهد الوطنية.
_aالسلسلة الثانية ؛
_v37
500 _aيشتمل على كشافات.
504 _aيشتمل على إرجاعات ببليوجرافية.
520 0 _aالمنهج ومفهوم الندرة.
650 7 _aالكتب النادرة
_2aucsh
650 7 _aالمخطوطات العربية
_2aucsh
830 0 _aمطبوعات مكتبة الملك فهد الوطنية.
_nالسلسلة الثانية
_v37
942 _2ddc
_cBOOK
_n0
949 _aSA-JeALM
_d250321
_umohamedma123
_n1
999 _c6645
_d6645